Szanghajska Organizacja Współpracy - Statystyki

Ogólne statystyki
  • Ten quiz został rozwiązany 4 razy
  • Średni wynik to 6 z 10
Statystyki odpowiedzi
Odpowiedź % Poprawnych
Chiny
100%
Indie
67%
Kazachstan
67%
Kirgistan
67%
Pakistan
67%
Rosja
67%
Uzbekistan
67%
Białoruś
33%
Iran
33%
Tadżykistan
33%
Nie znaleziono quizów pasujących do podanych kryteriów
Rozkład punktacji
Procent ludzi z każdym wynikiem
Percentyl według liczby udzielonych odpowiedzi
Twoja historia wyników
Nie rozwiązałeś tego quizu